আজকের বিশ্ব সাধারণ জ্ঞান : (Record no. 5802)
[ view plain ]
| 000 -LEADER | |
|---|---|
| fixed length control field | 00808nam a22002177a 4500 |
| 001 - CONTROL NUMBER | |
| JCCL Control Number | 5802 |
| 003 - CONTROL NUMBER IDENTIFIER | |
| JCCL marc code | BD-JhCC |
| 005 - DATE AND TIME OF LATEST TRANSACTION | |
| control field | 20220524134021.0 |
| 008 - FIXED-LENGTH DATA ELEMENTS--GENERAL INFORMATION | |
| fixed length control field | 171218s20012016bg b|||| ||a| 000 0 ben d |
| 035 ## - SYSTEM CONTROL NUMBER | |
| system control number | (BD-JhCC)5802 |
| 040 ## - CATALOGING SOURCE | |
| Original cataloging agency | BD-JhCC |
| Modifying agency | BD-JhCC |
| 041 ## - LANGUAGE CODE | |
| Language code of Book | ben |
| 082 ## - DEWEY DECIMAL CLASSIFICATION NUMBER | |
| Classification number | 001 |
| Author mark and Year | KIR 2001 |
| 100 ## - MAIN ENTRY--PERSONAL NAME | |
| Personal name | কিরন, গোলাম মোস্তফা |
| 245 ## - TITLE STATEMENT | |
| Title | আজকের বিশ্ব সাধারণ জ্ঞান : |
| Remainder of title | বাংলাদেশ ও আন্তর্জাতিক বিষয়াবলী / |
| Statement of responsibility, etc | গোলাম মোস্তফা কিরন |
| 260 ## - PUBLICATION, DISTRIBUTION, ETC. (IMPRINT) | |
| Place of publication, distribution, etc | ঢাকা : |
| Name of publisher, distributor, etc | প্রিমিয়ার পাবলিকেশন্স, |
| Date of publication, distribution, etc | 2001. |
| 300 ## - PHYSICAL DESCRIPTION | |
| Pagination | 1024 p. : |
| Dimensions | 21 cm. |
| 650 ## - SUBJECT ADDED ENTRY--TOPICAL TERM | |
| Topical term or geographic name as entry element | General Knowledge |
| 942 ## - ADDED ENTRY ELEMENTS (KOHA) | |
| Source of classification or shelving scheme | Dewey Decimal Classification |
| Koha item type | Books |
| Koha issues (borrowed), all copies | 7 |
| Source of classification or shelving scheme | Damaged status | Not for loan | Home library | Current library | Shelving location | Date of accession | Cost, normal purchase price | Total Checkouts | Full call number | Barcode | Date last seen | Date checked out | Copy number | Koha item type | Checked out |
|---|---|---|---|---|---|---|---|---|---|---|---|---|---|---|---|
| Dewey Decimal Classification | JCC Rouf Library | JCC Rouf Library | General Stacks | 12/21/2017 | 300.00 | 2 | 001 KIR 2001 | 8016 | 11/06/2025 | 03/25/2020 | C-1 | Books | |||
| Dewey Decimal Classification | JCC Rouf Library | JCC Rouf Library | General Stacks | 12/27/2017 | 300.00 | 2 | 001 KIR 2001 | 8015 | 05/25/2022 | 05/23/2022 | C-2 | Books | |||
| Dewey Decimal Classification | JCC Rouf Library | JCC Rouf Library | General Stacks | 02/18/2020 | 300.00 | 2 | 001 KIR 2020 | 15750 | 03/25/2020 | 03/25/2020 | C-3 | Books | 04/30/2020 | ||
| Dewey Decimal Classification | JCC Rouf Library | JCC Rouf Library | General Stacks | 06/12/2022 | 260.00 | 2 | 001 KIR 2001 | 17378 | 05/30/2024 | 05/29/2024 | C-4 | Books |